Industrial electrification (Record no. 46713)
[ view plain ]
| 000 -LEADER | |
|---|---|
| fixed length control field | 00589nam a2200145 a 4500 |
| 008 - FIXED-LENGTH DATA ELEMENTS--GENERAL INFORMATION | |
| fixed length control field | 120416s1947 ||||||||||||||||| || u |
| 050 ## - LIBRARY OF CONGRESS CALL NUMBER | |
| Classification number | TK 7881 Mac |
| 100 ## - MAIN ENTRY--PERSONAL NAME | |
| Personal name | McQuillen, J. W |
| 245 10 - TITLE STATEMENT | |
| Title | Industrial electrification |
| 246 ## - VARYING FORM OF TITLE | |
| Title proper/short title | a handbook for electrical engineers employed in the installation, supervision and maintenance of ele |
| 260 ## - PUBLICATION, DISTRIBUTION, ETC. | |
| Place of publication, distribution, etc. | London |
| Name of publisher, distributor, etc. | Pitman |
| Date of publication, distribution, etc. | 1947 |
| 300 ## - PHYSICAL DESCRIPTION | |
| Extent | vii, 116p. : ill |
| 350 ## - PRICE (NR) (BK AM CF MU VM SE) [OBSOLETE] | |
| Price | 0.00 |
| 995 ## - RECOMMENDATION 995 [LOCAL, UNIMARC FRANCE] | |
| -- | 0.00 |
| -- | CBU-MAIN LIBRARY (Kitwe) |
| -- | 1 |
| -- | 2.50 |
| -- | WEEDED |
| -- | Jul 26, 2017 |
| -- | Main Library Open Access Collection |
| Withdrawn status | Lost status | Source of classification or shelving scheme | Damaged status | Not for loan | Home library | Current library | Shelving location | Date acquired | Total Checkouts | Full call number | Barcode | Date last seen | Price effective from | Koha item type |
|---|---|---|---|---|---|---|---|---|---|---|---|---|---|---|
| CBU-MAIN LIBRARY, KITWE. | CBU-MAIN LIBRARY, KITWE. | 11/30/2022 | TK 7881 Mac | 017048 | 11/30/2022 | 11/30/2022 | MONOGRAPH |